000 01093nam a22003257a 4500
003 CHAP
005 20220329134248.0
008 971013s1974 r 00010 d
010 _a17795
011 _a18767
035 _a22852
040 _cCHAP
082 _a581.38
_bH8
100 0 0 _aHutchinson, Joseph
_eed.
_957031
245 _aEvolutionary studies in world crops; diversity and change in the Indian subcontinent
260 _aLondon :
_bCambridge University,
_c1974
300 _a175 p.
_b: ilus. ; mapas
590 _aBATCH-UPD
_b10
_c20130110
_lUCH01
_h1204
590 _aBATCH-UPD
_b10
_c20130410
_lUCH01
_h0746
590 _aBATCH-UPD
_b10
_c20130914
_lUCH01
_h1117
590 _aCONVERSION
_b10
_c20130109
_lUCH01
_h1311
650 1 4 _aCultivos.
_930221
650 1 4 _aCultivos
_xIndia.
_930283
650 1 4 _aEvolución (Plantas)
_939010
650 1 4 _aPlantas cultivadas
_xHistoria.
_988931
901 _aBK
942 _cLIBRO
949 _a581.38 H8
_bBC
_cLIBRO
_d33724000540548
_eLIBRO
_fc.2
_h56507
_i22852
_si
949 _a581.38 H8
_bBC
_cLIBRO
_d33724000540555
_eLIBRO
_h38407
_i22852
_si
999 _c17795
_d17795